000 00559nam a22001817a 4500
999 _c37641
_d37641
005 20230310110326.0
010 _aENG-96881 ENG-136366
020 _a9788175347519
_c800.00
035 _aEN-80414 EN-119898
037 _bDBAD/PUB
082 _a347
100 _aLakshmanan, AR.
245 _aThe judge speaks :
_cby AR. Lakshmanan
260 _aDelhi
_bUniversal Law Publishing
_c2009
270 _aC-FF-1A, Dilkhush Industrial Estate,(Opp. Hans Cinema, Azadpur) G.T. Karnal Road,
_bDelhi
_e110033
300 _axvi,411p.
_c25cm, (Hb)
942 _2ddc
_cEN
_mLAK